000 00735nam a2200241Ia 4500
003 OSt
005 20220918230849.0
006 a|||||r|||| 00| 0
007 ta
008 220917b |||||||| |||| 00| 0 eng d
024 _a260,911
037 _cTextual
040 _aARTS
_cARTS
_beng
041 _2eng
_aeng
082 _aV2N5:28t ARC, K6.15
110 _aReport of the Working Group,on Small Scale Sector
_9153412
245 0 _aAdministrative reforms commission
_b Report
260 _aDelhi
_bGovernment of India India
_c1968
650 _aHISTORY
700 _aReport of the Working Group,on Small Scale Sector
_9153413
942 _hV2N5:28t ARC, K6.15
_cTEXL
_2CC
999 _c289169
_d289169